000 00571cam a2200193 4500500
005 20260405000349.0
041 _afre
042 _adc
100 1 0 _aBottenberg, Wolfgang
_eauthor
245 0 0 _aFriedrich Nietzsche
260 _c2007.
500 _a6
690 _aEternel retour
690 _aNietzsche
690 _aSurhumain
690 _aVolonté de puissance
786 0 _nPhilosophie magazine | 6 | 2 | 2007-02-01 | p. 30-30 | 1951-1787
856 4 1 _uhttps://shs.cairn.info/magazine-philosophie-magazine-2007-2-page-30?lang=fr&redirect-ssocas=7080
999 _c2036390
_d2036390